Environmental valuation (Record no. 783135)

MARC details
000 -LEADER
fixed length control field 00798nam a2200265Ia 4500
003 - CONTROL NUMBER IDENTIFIER
control field OSt
005 - DATE AND TIME OF LATEST TRANSACTION
control field 20220928125559.0
008 - FIXED-LENGTH DATA ELEMENTS--GENERAL INFORMATION
fixed length control field 220927b |||||||| |||| 00| 0 eng d
037 ## - SOURCE OF ACQUISITION
Terms of availability Textual
040 ## - CATALOGING SOURCE
Original cataloging agency SDCL
Transcribing agency SDCL
Language of cataloging eng
041 ## - LANGUAGE CODE
Source of code eng
Language code of text/sound track or separate title eng
100 ## - MAIN ENTRY--PERSONAL NAME
Personal name Carruthers John I Ed.
9 (RLIN) 470418
245 #0 - TITLE STATEMENT
Title Environmental valuation
Remainder of title Interregional and intraregional perspectives
260 ## - PUBLICATION, DISTRIBUTION, ETC.
Place of publication, distribution, etc. England
Name of publisher, distributor, etc. Ashgate
Date of publication, distribution, etc. 2006
300 ## - PHYSICAL DESCRIPTION
Extent xviii,305p
Dimensions cm.
490 ## - SERIES STATEMENT
Series statement Urban planning and environment
650 ## - SUBJECT ADDED ENTRY--TOPICAL TERM
Topical term or geographic name entry element Environment Economics
9 (RLIN) 404299
700 ## - ADDED ENTRY--PERSONAL NAME
Personal name Mundy Bill Ed.
9 (RLIN) 470419
942 ## - ADDED ENTRY ELEMENTS (KOHA)
Classification part X:(G:55), P6
Koha item type Textual
Source of classification or shelving scheme Colon Classification (CC)
Holdings
Withdrawn status Lost status Damaged status Not for loan Home library Current library Date acquired Total Checkouts Full call number Barcode Date last seen Price effective from Koha item type
        South Campus Library South Campus Library 2022-09-28   X:(G:55) P6 SC1304558 2022-09-28 2022-09-28 Textual
Copyright @ Delhi University Library System